000
00344pam a2200157a 44500
008
230515b1967 xxu||||| |||| 00| 0 eng d
020
_a
NULL
041
_a
ENGLISH
082
_a
630
100
_a
IS: 3073-1967
245
_a
ASSESSMENT OF SURFACE ROUGHNESS
250
_a
0
260
_a
DELHI
_b
ISI
_c
1967
300
_a
19
650
_a
NULL
999
_c
652591
_d
652591